Semiclassically Concentrates Waves for the Nonlinear Schrodinger Equation with External Field; Symmetry in Nonlinear Mathematical Physics, 9-15 July, 2001, Kyiv (Kiev), Ukraine

Bibliografski detalji
Parent link:Symmetry in Nonlinear Mathematical Physics, 9-15 July, 2001, Kyiv (Kiev), Ukraine.— 2002.— [P. 701-711]
Glavni autor: Shapovalov A. V. Aleksandr Vasilyevich
Daljnji autori: Trifonov A. Yu. Andrey Yurievich
Sažetak:Title screen
Jezik:engleski
Izdano: 2002
Teme:
Online pristup:http://www.imath.kiev.ua/~symmetry/Symmetry2001/Shapovalov701-711.pdf
Format: MixedMaterials Elektronički Poglavlje knjige
KOHA link:https://koha.lib.tpu.ru/cgi-bin/koha/opac-detail.pl?biblionumber=636546

MARC

LEADER 00000naa0a2200000 4500
001 636546
005 20250917165640.0
035 |a (RuTPU)RU\TPU\network\557 
035 |a RU\TPU\network\540 
090 |a 636546 
100 |a 20140212d2002 k||y0rusy50 ba 
101 0 |a eng 
102 |a UA 
135 |a drnn ---uucaa 
181 0 |a i  
182 0 |a b 
200 1 |a Semiclassically Concentrates Waves for the Nonlinear Schrodinger Equation with External Field  |f A. V. Shapovalov, A. Yu. Trifonov 
203 |a Text  |c electronic 
300 |a Title screen 
320 |a [References: p. 711 (16 tit.)] 
463 1 |t Symmetry in Nonlinear Mathematical Physics, 9-15 July, 2001, Kyiv (Kiev), Ukraine  |o Proceedings of Institute of Mathematics of NAS of Ukraine  |v [P. 701-711]  |d 2002 
610 1 |a электронный ресурс 
610 1 |a труды учёных ТПУ 
700 1 |a Shapovalov  |b A. V.  |c mathematician  |c Professor of Tomsk Polytechnic University, Doctor of physical and mathematical sciences  |f 1949-  |g Aleksandr Vasilyevich  |3 (RuTPU)RU\TPU\pers\31734 
701 1 |a Trifonov  |b A. Yu.  |c physicist, mathematician  |c Professor of Tomsk Polytechnic University, Doctor of physical and mathematical sciences  |f 1963-  |g Andrey Yurievich  |3 (RuTPU)RU\TPU\pers\30754 
801 2 |a RU  |b 63413507  |c 20180306  |g RCR 
856 4 |u http://www.imath.kiev.ua/~symmetry/Symmetry2001/Shapovalov701-711.pdf 
942 |c CF